| 000 | 00506nam a22001937a 4500 | ||
|---|---|---|---|
| 003 | OSt | ||
| 005 | 20160922153544.0 | ||
| 008 | 160922b xxu||||| |||| 00| 0 eng d | ||
| 020 | _a0333320298 | ||
| 040 | _cDNLM. | ||
| 082 | _aWK100H27g 1985. | ||
| 100 |
_aHassan,Tarek; _911107 |
||
| 245 | _aA Guide to Medical Endocrinology; | ||
| 260 |
_aLondon; _bMacmillan Publishers Ltd. _c1985. |
||
| 300 |
_axiv,269p; _bill; _c23cm. |
||
| 504 | _aincludes index. | ||
| 650 |
_aMedical. _96393 |
||
| 942 |
_2z _cO_SHELF |
||
| 999 |
_c5279 _d5279 |
||